Le top 5 de la Premier League par saison - Statistiques

Statistiques générales
  • Ce quiz a été pris 609 fois
  • Le résultat moyen est 10 sur 12
Statistiques - réponses
Saison 1ER % Correct
2021-2022 Manchester City
100%
2022-2023 Arsenal FC
99%
2023-2024 Liverpool FC
99%
2020-2021 Manchester United
99%
2019-2020 Chelsea FC
98%
2015-2016 Tottenham Hotspur
93%
2018-2019 Leicester City
92%
2016-2017 Aston Villa
84%
2017-2018 Newcastle United
80%
2014-2015 Everton FC
59%
2013-2014 Leeds United
44%
2012-2013 Ipswich Town
6%
Aucun quiz correspondant
Distribution des résultats
% des personnes avec chaque résultat
Percentile par nombre de réponses
Votre historique - résultats
Vous n’avez pas pris ce quiz